The joy of C. Programming in C

Uloženo v:
Podrobná bibliografie
Hlavní autoři: Miller, Lawrence H. (autor), Qulici, Alexander E (Autor)
Médium: Kniha
Jazyk:angličtina
Vydáno: Nueva York John Wiley 1993
Vydání:2a. ed
Témata:
Tagy: Přidat tag
Žádné tagy, Buďte první, kdo vytvoří štítek k tomuto záznamu!

MARC

LEADER 00000nam a2200000 a 4500
001 UCY0842
003 CL-VaPUC
008 940813e19930000US |||||||||||||||||eng|d
082 0 4 |a 005.133  |b MIL  |2 21 
100 |a Miller, Lawrence H.  |e autor  |9 328686 
700 0 |a Qulici, Alexander E  |e author  |9 328687 
245 1 4 |a The joy of C. Programming in C 
250 |a 2a. ed 
300 |a 664 p 
942 |c BK 
945 |d 19940813 00:00:00  |a mfernand 
260 |a Nueva York  |b John Wiley  |c 1993 
650 7 |a C LENGUAJE DE PROGRAMACION PARA COMPUTADORES  |2 CL-VaPUC  |9 262392 
583 |a last modification  |c 19940813 00:00:00  |k Rodrigo Vera 
999 |c 229741  |d 229739